[Event "GRE-ch U16 Girls"]
[Site "Peristeri"]
[Date "2023.07.04"]
[Round "3"]
[White "Mplitsa, Artemis"]
[Black "Tzempelikou, Agapi"]
[Result "0-1"]
[WhiteElo "1433"]
[BlackElo "1520"]
[PlyCount "58"]
[EventDate "2023.07.03"]
[EventType "swiss"]
[EventRounds "9"]
[EventCountry "GRE"]
[SourceTitle "EXT 2024"]
[Source "ChessBase"]
[SourceDate "2023.10.10"]
[SourceVersion "1"]
[SourceVersionDate "2023.10.10"]
[SourceQuality "1"]

1. d4 d5 2. c4 e6 3. Nf3 a6 4. Bg5 Be7 5. Bxe7 Qxe7 6. Nbd2 dxc4 7. a4 Nf6 8. e4 Qb4 9. Qc2 b6 10. Bxc4 Bb7 11. 0-0 Nc6 12. Rac1 0-0 13. Qc3 Qxa4 14. Ra1 Qb4 15. Rfc1 Qxc3 16. Rxc3 b5 17. d5 Nd8 18. Bb3 exd5 19. exd5 Nxd5 20. Bxd5 Bxd5 21. Rxc7 Ne6 22. Rd7 Rfd8 23. Ne5 Rxd7 24. Nxd7 Rd8 25. Ne5 f6 26. Nef3 Nc5 27. b4 Nd3 28. Rxa6 Nxb4 29. Rb6 Bxf3 0-1

[Event "GRE-ch U16 Girls"]
[Site "Peristeri"]
[Date "2023.07.04"]
[Round "2"]
[White "Tzempelikou, Agapi"]
[Black "Vardaka, Sofia"]
[Result "1-0"]
[WhiteElo "1520"]
[BlackElo "1316"]
[PlyCount "83"]
[EventDate "2023.07.03"]
[EventType "swiss"]
[EventRounds "9"]
[EventCountry "GRE"]
[SourceTitle "EXT 2024"]
[Source "ChessBase"]
[SourceDate "2023.10.10"]
[SourceVersion "1"]
[SourceVersionDate "2023.10.10"]
[SourceQuality "1"]

1. d4 c5 2. d5 Nf6 3. c4 e6 4. Nc3 exd5 5. cxd5 d6 6. e4 g6 7. h3 Bg7 8. Nf3 0-0 9. Bd3 Re8 10. 0-0 Na6 11. Re1 Nc7 12. a4 b6 13. Bf4 a6 14. Nd2 Nh5 15. Be3 Be5 16. Nc4 Rb8 17. Nxe5 Rxe5 18. f4 Re8 19. Qf3 Nf6 20. g4 b5 21. axb5 axb5 22. Ne2 Qe7 23. Ng3 b4 24. g5 Nd7 25. h4 f6 26. Kg2 fxg5 27. hxg5 Rf8 28. Qe2 Nb6 29. b3 Re8 30. Bc1 Qf7 31. Qf2 Rf8 32. Be3 Ra8 33. Rxa8 Nbxa8 34. Rf1 Nb6 35. Bxc5 Nbxd5 36. Bc4 Nxf4+ 37. Qxf4 Be6 38. Qxf7+ Rxf7 39. Bxe6 Nxe6 40. Bxd6 Nxg5 41. Rxf7 Kxf7 42. Bxb4 1-0

[Event "GRE-ch U18 Girls"]
[Site "Larisa"]
[Date "2023.01.08"]
[Round "9"]
[White "Tzempelikou, Agapi"]
[Black "Gkoutzouki, Aikaterini Argyro"]
[Result "0-1"]
[WhiteElo "1508"]
[BlackElo "1742"]
[PlyCount "74"]
[EventDate "2023.01.02"]
[EventType "swiss"]
[EventRounds "9"]
[EventCountry "GRE"]
[SourceTitle "CBM 212 Extra"]
[Source "ChessBase"]
[SourceDate "2023.03.31"]
[SourceVersion "1"]
[SourceVersionDate "2023.03.31"]
[SourceQuality "1"]

1. f4 d5 2. Nf3 c5 3. g3 g6 4. Bg2 Bg7 5. 0-0 Nc6 6. d3 Nf6 7. c3 0-0 8. Qc2 d4 9. e4 dxe3 10. Bxe3 Bf5 11. Rd1 c4 12. Bf1 Ng4 13. Bf2 Qd5 14. Nh4 Nxf2 15. Qxf2 Bxd3 16. Na3 Rad8 17. Qe3 Qh5 18. Bxd3 cxd3 19. Rxd3 Rxd3 20. Qxd3 Qc5+ 21. Kg2 Rd8 22. Qe2 Bxc3 23. bxc3 Qxa3 24. Qc2 Qc5 25. Rd1 Rxd1 26. Qxd1 Qxc3 27. Qd7 Qb2+ 28. Kh3 Qxa2 29. Qxb7 Qe6+ 30. Kg2 a5 31. f5 Qe4+ 32. Kg1 a4 33. fxg6 hxg6 34. Ng2 Kg7 35. Nf4 a3 36. Qb3 Qd4+ 37. Kf1 Qa1+ 0-1

[Event "GRE-chT U16 14th"]
[Site "Rio Achaia"]
[Date "2022.12.17"]
[Round "4"]
[White "Kapia, Aggeliki"]
[Black "Tzempelikou, Agapi"]
[Result "1/2-1/2"]
[WhiteElo "1196"]
[BlackElo "1505"]
[PlyCount "127"]
[EventDate "2022.12.15"]
[EventType "team-swiss"]
[EventRounds "6"]
[EventCountry "GRE"]
[SourceTitle "EXT 2024"]
[Source "ChessBase"]
[SourceDate "2023.10.10"]
[SourceVersion "1"]
[SourceVersionDate "2023.10.10"]
[SourceQuality "1"]

1. d4 d5 2. Nf3 Nf6 3. g3 Bf5 4. Bg2 h6 5. c4 c6 6. 0-0 e6 7. Nc3 Be7 8. a3 Nbd7 9. cxd5 exd5 10. Qb3 Nb6 11. Ne5 0-0 12. Rd1 Qc8 13. Bd2 Nbd7 14. Rac1 Qb8 15. Bf4 Bd6 16. Nxd7 Bxd7 17. Bxd6 Qxd6 18. f3 Be6 19. Qc2 Nd7 20. e4 Nb6 21. e5 Qd7 22. Na4 Nxa4 23. Qxa4 Bh3 24. Re1 Bxg2 25. Kxg2 h5 26. Re3 Rfe8 27. Rce1 Qf5 28. Qb3 Rab8 29. Qa4 a6 30. Qb4 g5 31. Qc3 Kh8 32. Qd3 Qe6 33. Qe2 Rg8 34. Qc2 Rbe8 35. Qb3 Qd7 36. Qb4 Re6 37. Rb3 Re7 38. Qd2 Qf5 39. Qd3 Qe6 40. Re3 Rg6 41. Qd2 Rg8 42. Qd3 a5 43. a4 Qd7 44. Rc3 Ree8 45. Qc2 Rc8 46. Re1 Qe7 47. Qf5 Qe6 48. Qxe6 fxe6 49. Rb3 Rb8 50. Rc1 Rgc8 51. Rbc3 Kg7 52. Rc5 Ra8 53. R1c3 Kf7 54. Rb3 Rc7 55. Kh3 Kg6 56. g4 h4 57. Kg2 Rf7 58. Rcc3 Raf8 59. Rd3 Rc8 60. Rb6 Re7 61. Rc3 Rf8 62. Rd3 Rf4 63. h3 Rf8 64. Rc3 1/2-1/2

[Event "GRE-ch U16 Girls"]
[Site "Thessaloniki"]
[Date "2022.08.21"]
[Round "6"]
[White "Tzempelikou, Agapi"]
[Black "Tzovani, Dimitra"]
[Result "1/2-1/2"]
[WhiteElo "1341"]
[BlackElo "1295"]
[PlyCount "65"]
[EventDate "2022.08.18"]
[EventType "swiss"]
[EventRounds "9"]
[EventCountry "GRE"]
[SourceTitle "EXT 2024"]
[Source "ChessBase"]
[SourceDate "2023.10.10"]
[SourceVersion "1"]
[SourceVersionDate "2023.10.10"]
[SourceQuality "1"]

1. d4 Nf6 2. Nf3 g6 3. g3 Bg7 4. Bg2 0-0 5. 0-0 d6 6. c4 Nc6 7. Nc3 e5 8. dxe5 Nxe5 9. Nxe5 dxe5 10. Qxd8 Rxd8 11. Bg5 Rd7 12. Rad1 c6 13. c5 h6 14. Bxf6 Bxf6 15. Ne4 Be7 16. Nd6 Bxd6 17. cxd6 Rd8 18. f4 exf4 19. Rxf4 Be6 20. Rb4 Rd7 21. b3 Rad8 22. Rbd4 f5 23. e4 fxe4 24. Bxe4 Kg7 25. Kf2 Kf6 26. Ke3 Bf7 27. Bg2 Be6 28. Rf4+ Kg7 29. Rfd4 Kf6 30. Rf4+ Kg7 31. Rfd4 Kf6 32. Rf4+ Kg7 33. Rfd4 1/2-1/2

[Event "GRE-ch U16 Girls"]
[Site "Thessaloniki"]
[Date "2022.08.18"]
[Round "1"]
[White "Samara, Vasiliki"]
[Black "Tzempelikou, Agapi"]
[Result "0-1"]
[WhiteElo "1151"]
[BlackElo "1341"]
[PlyCount "88"]
[EventDate "2022.08.18"]
[EventType "swiss"]
[EventRounds "9"]
[EventCountry "GRE"]
[SourceTitle "EXT 2024"]
[Source "ChessBase"]
[SourceDate "2023.10.10"]
[SourceVersion "1"]
[SourceVersionDate "2023.10.10"]
[SourceQuality "1"]

1. d4 d5 2. c4 e6 3. Nc3 Nf6 4. cxd5 exd5 5. Bg5 Be7 6. e3 c6 7. Bd3 h6 8. Bh4 0-0 9. Nf3 Nbd7 10. 0-0 Ne8 11. Bxe7 Qxe7 12. Rb1 a5 13. a3 Nd6 14. b4 Ne4 15. Qc2 f5 16. Qb2 axb4 17. axb4 b5 18. Rfe1 Nxc3 19. Qxc3 Bb7 20. Nd2 Nb6 21. f3 Nc4 22. e4 fxe4 23. fxe4 Ra3 24. Qc2 Qf6 25. Nf3 Qg6 26. Qd1 Ra2 27. Re2 Ne3 28. Qe1 Nxg2 29. Qg3 Qxg3 30. hxg3 Rxe2 31. Bxe2 dxe4 32. Kxg2 exf3+ 33. Bxf3 Ra8 34. Rc1 Ra2+ 35. Kh3 Bc8+ 36. Bg4 Bxg4+ 37. Kxg4 Rd2 38. Rxc6 Rxd4+ 39. Kf5 Kh7 40. g4 Rxb4 41. Rb6 Rb1 42. g5 hxg5 43. Kxg5 b4 44. Kf4 b3 0-1

[Event "GRE-ch Schools Gym-C"]
[Site "Athen"]
[Date "2022.06.13"]
[Round "6"]
[White "Samara, Vasiliki"]
[Black "Tzempelikou, Agapi"]
[Result "0-1"]
[WhiteElo "1151"]
[BlackElo "1335"]
[PlyCount "88"]
[EventDate "2022.06.12"]
[EventType "swiss"]
[EventRounds "9"]
[EventCountry "GRE"]
[SourceTitle "EXT 2023"]
[Source "ChessBase"]
[SourceDate "2022.10.05"]
[SourceVersion "1"]
[SourceVersionDate "2022.10.05"]
[SourceQuality "1"]

1. d4 d5 2. c4 e6 3. Nf3 Nf6 4. Nc3 Be7 5. Bf4 0-0 6. h3 b6 7. e3 Bb7 8. Be2 c5 9. 0-0 Nbd7 10. Rc1 Rc8 11. Re1 cxd4 12. exd4 dxc4 13. Nb5 Bb4 14. Nc3 Nd5 15. Bd2 Bxc3 16. bxc3 b5 17. a4 a6 18. Rb1 Qa5 19. axb5 axb5 20. Qc2 Bc6 21. Ra1 Qc7 22. Reb1 Ra8 23. Ng5 N7f6 24. Ne4 Nxe4 25. Qxe4 Nxc3 26. Qe3 Nxb1 27. Rxb1 Ra2 28. Bc3 Ra3 29. Qd2 Rfa8 30. Qc1 Qd7 31. Bd1 Be4 32. Ra1 Rxa1 33. Bxa1 Qd5 34. f3 Bg6 35. Bc3 Rd8 36. Be2 Qf5 37. Qe3 Qb1+ 38. Kh2 b4 39. Bxc4 bxc3 40. Qxc3 Rc8 41. Qa5 Qb8+ 42. Kg1 Rxc4 43. Qd2 Rc2 44. Qe3 Qb2 0-1

[Event "GRE-ch Schools Gym-C"]
[Site "Athen"]
[Date "2022.06.12"]
[Round "3"]
[White "Tzempelikou, Agapi"]
[Black "Agrafiotis, Ioannis Stylianos"]
[Result "1-0"]
[WhiteElo "1335"]
[BlackElo "1185"]
[PlyCount "81"]
[EventDate "2022.06.12"]
[EventType "swiss"]
[EventRounds "9"]
[EventCountry "GRE"]
[SourceTitle "EXT 2023"]
[Source "ChessBase"]
[SourceDate "2022.10.05"]
[SourceVersion "1"]
[SourceVersionDate "2022.10.05"]
[SourceQuality "1"]

1. e4 e5 2. Nf3 Nc6 3. Nc3 Nf6 4. d4 exd4 5. Nxd4 Nxd4 6. Qxd4 d6 7. Bg5 Be7 8. 0-0-0 h6 9. Bf4 Be6 10. Nd5 Bxd5 11. exd5 Qd7 12. Be2 0-0 13. h3 c5 14. dxc6 Qxc6 15. Bf3 Qa6 16. a3 Rfd8 17. g4 d5 18. g5 hxg5 19. Bxg5 Bxa3 20. Bxf6 Bb4 21. Qxb4 Qxf6 22. Bxd5 Qg5+ 23. f4 Qf5 24. Bxb7 Rxd1+ 25. Rxd1 Rb8 26. Qe7 Qxf4+ 27. Kb1 Rf8 28. Ba6 Qf3 29. Rd3 Qg2 30. Rd8 Rxd8 31. Qxd8+ Kh7 32. Bd3+ g6 33. Qh4+ Kg7 34. Qg4 Qf2 35. c3 Qe1+ 36. Kc2 Qf2+ 37. Be2 Qe1 38. h4 f5 39. Qd4+ Kh6 40. Qd2+ Qxd2+ 41. Kxd2 1-0

[Event "GRE-ch U20 Girls"]
[Site "Trikala"]
[Date "2021.08.24"]
[Round "3"]
[White "Koukoumpi, Athanasia"]
[Black "Tzempelikou, Agapi"]
[Result "1/2-1/2"]
[WhiteElo "1124"]
[BlackElo "1244"]
[PlyCount "49"]
[EventDate "2021.08.23"]
[EventType "swiss"]
[EventRounds "9"]
[EventCountry "GRE"]
[SourceTitle "EXT 2022"]
[Source "ChessBase"]
[SourceDate "2021.10.06"]
[SourceVersion "1"]
[SourceVersionDate "2021.10.06"]
[SourceQuality "1"]

1. e4 e5 2. f4 d5 3. exd5 exf4 4. Nf3 Nf6 5. Bc4 Nxd5 6. Bxd5 Qxd5 7. Nc3 Qe6+ 8. Qe2 Qxe2+ 9. Nxe2 Bd6 10. d3 Bg4 11. Bxf4 Bxf4 12. Nxf4 Bxf3 13. gxf3 Nc6 14. 0-0-0 0-0-0 15. Rde1 g5 16. Nh5 Rd4 17. Re4 f5 18. Rxd4 Nxd4 19. Rf1 f4 20. Nf6 Nf5 21. Ne4 h6 22. Rh1 Rg8 23. Rg1 Nd4 24. Rf1 Rg6 25. Rf2 1/2-1/2

[Event "GRE-chT Online Rapid (Women) 1st"]
[Site "Tornelo INT"]
[Date "2021.02.21"]
[Round "5.10"]
[White "Tzempelikou, Agapi"]
[Black "Agriopoulou, Stavroula"]
[Result "1-0"]
[WhiteElo "1206"]
[BlackElo "1357"]
[PlyCount "131"]
[EventDate "2021.02.20"]
[EventType "team-swiss (rapid)"]
[EventRounds "9"]
[EventCountry "GRE"]
[SourceTitle "EXT 2023"]
[Source "ChessBase"]
[SourceDate "2022.10.05"]
[SourceVersion "1"]
[SourceVersionDate "2022.10.05"]
[SourceQuality "1"]

1. d4 d6 2. e4 Nf6 3. Nc3 g6 4. f4 Bg4 5. Be2 Bxe2 6. Ngxe2 Bg7 7. 0-0 Nbd7 8. e5 Ng4 9. h3 Nh6 10. Ng3 e6 11. Nb5 a6 12. Na3 0-0 13. c4 Nf5 14. Nxf5 exf5 15. Be3 Qe7 16. Qf3 Rab8 17. Rac1 Rfe8 18. Bf2 dxe5 19. dxe5 b6 20. Qc6 Rbc8 21. c5 f6 22. exf6 Bxf6 23. Rce1 Qf7 24. Rxe8+ Rxe8 25. Qxc7 bxc5 26. Rd1 Nb8 27. Qxf7+ Kxf7 28. Bxc5 Bxb2 29. Nc4 Re2 30. Ba7 Nc6 31. Rd7+ Ne7 32. Bc5 Bf6 33. Bxe7 Bxe7 34. Rd2 Rxd2 35. Nxd2 Bc5+ 36. Kf1 Ke6 37. Ke2 Kd5 38. Nb3 Bd6 39. Kf3 Kc4 40. g4 Kc3 41. Na5 Kc2 42. a4 Kb2 43. Nc4+ Kb3 44. Nxd6 Kxa4 45. Nb7 Kb4 46. Ke3 Kb5 47. Kd4 fxg4 48. hxg4 Kc6 49. Nc5 a5 50. Kc4 Kb6 51. Ne6 Kc6 52. Nf8 a4 53. Kb4 Kd6 54. Nxh7 Ke6 55. Nf8+ Kf6 56. Nxg6 Kxg6 57. Kxa4 Kf6 58. Kb5 Ke6 59. Kc5 Kf6 60. Kd6 Kg6 61. Ke6 Kg7 62. Ke7 Kg6 63. f5+ Kg7 64. f6+ Kg6 65. f7 Kg5 66. f8Q 1-0

[Event "GRE-ch Online Blitz (Women) 1st"]
[Site "Tornelo INT"]
[Date "2021.02.07"]
[Round "6"]
[White "Tzempelikou, Agapi"]
[Black "Kollia, Evgenia"]
[Result "1-0"]
[WhiteElo "1200"]
[BlackElo "1195"]
[PlyCount "105"]
[EventDate "2021.02.07"]
[EventType "swiss (blitz)"]
[EventRounds "16"]
[EventCountry "GRE"]
[SourceTitle "EXT 2023"]
[Source "ChessBase"]
[SourceDate "2022.10.05"]
[SourceVersion "1"]
[SourceVersionDate "2022.10.05"]
[SourceQuality "1"]

1. d4 d5 2. Nf3 Nf6 3. Bf4 Bf5 4. e3 e6 5. c3 c5 6. h3 Nc6 7. Bd3 Bg6 8. 0-0 Be4 9. Bxe4 Nxe4 10. Nbd2 Bd6 11. Bxd6 Qxd6 12. Qc2 Nxd2 13. Qxd2 0-0 14. Rfe1 Rfe8 15. Re2 h6 16. Rae1 c4 17. e4 Qd7 18. e5 b5 19. a3 a5 20. Nh2 Re7 21. Re3 Rae8 22. Rg3 h5 23. Qg5 g6 24. Qxh5 Kg7 25. Qg5 Rh8 26. Ng4 Ree8 27. Qf6+ Kg8 28. Ree3 Qe7 29. Qxe7 Nxe7 30. Nf6+ Kf8 31. Nxe8 Kxe8 32. Re2 Nf5 33. Rf3 Ke7 34. Re1 Nh4 35. Rfe3 Nf5 36. R3e2 Rh4 37. Rb1 Rh8 38. b3 Rc8 39. bxc4 Rxc4 40. Rc2 Nxd4 41. Rd2 Nf5 42. Rxb5 Rxc3 43. Rxa5 Rc1+ 44. Kh2 Ra1 45. Ra7+ Ke8 46. a4 Kd8 47. a5 Ra4 48. Rb2 Kc8 49. Rbb7 Nd4 50. Rxf7 Nc6 51. Rf8+ Nd8 52. Ra8+ Kb7 53. Rfxd8 1-0

[Event "GRE-ch Online Blitz (Women) 1st"]
[Site "Tornelo INT"]
[Date "2021.02.07"]
[Round "1"]
[White "Tzempelikou, Agapi"]
[Black "Koutla, Maria"]
[Result "1-0"]
[WhiteElo "1200"]
[BlackElo "1014"]
[PlyCount "65"]
[EventDate "2021.02.07"]
[EventType "swiss (blitz)"]
[EventRounds "16"]
[EventCountry "GRE"]
[SourceTitle "EXT 2023"]
[Source "ChessBase"]
[SourceDate "2022.10.05"]
[SourceVersion "1"]
[SourceVersionDate "2022.10.05"]
[SourceQuality "1"]

1. d4 Nf6 2. Nf3 e6 3. Bf4 b6 4. e3 Bb7 5. c3 d6 6. Bd3 Nbd7 7. h3 e5 8. dxe5 dxe5 9. Nxe5 Nxe5 10. Bxe5 Bxg2 11. Rh2 Be4 12. Bxf6 gxf6 13. Bxe4 Qxd1+ 14. Kxd1 Rd8+ 15. Ke2 Bd6 16. Rg2 Be5 17. Nd2 Ke7 18. Rag1 Rhe8 19. f4 Bd6 20. Bc6 Rf8 21. Ne4 h5 22. Nxd6 Rxd6 23. Be4 Re6 24. Bd3 Rd8 25. Bf5 Red6 26. Kf3 h4 27. Rg4 a5 28. Rxh4 c5 29. Rh7 b5 30. Rgg7 b4 31. Rxf7+ Ke8 32. Bg6 R8d7 33. Rh8# 1-0

[Event "GRE-ch Online Rapid (Women) 1st"]
[Site "Tornelo INT"]
[Date "2021.02.06"]
[Round "5"]
[White "Lampou, Marianta"]
[Black "Tzempelikou, Agapi"]
[Result "0-1"]
[WhiteElo "1184"]
[BlackElo "1119"]
[PlyCount "92"]
[EventDate "2021.02.06"]
[EventType "swiss (rapid)"]
[EventRounds "8"]
[EventCountry "GRE"]
[SourceTitle "EXT 2023"]
[Source "ChessBase"]
[SourceDate "2022.10.05"]
[SourceVersion "1"]
[SourceVersionDate "2022.10.05"]
[SourceQuality "1"]

1. e4 e5 2. Nf3 Nc6 3. d4 exd4 4. Nxd4 Bc5 5. Be3 Qf6 6. c3 d6 7. Bc4 Nge7 8. 0-0 0-0 9. Nxc6 Nxc6 10. Bxc5 dxc5 11. Nd2 Be6 12. Bxe6 Qxe6 13. f4 f6 14. Qb3 Qxb3 15. Nxb3 b6 16. Rad1 Rad8 17. Nd2 Rfe8 18. b3 Rd3 19. Rf3 Red8 20. Rxd3 Rxd3 21. c4 Nb4 22. Kf2 Nxa2 23. Ke2 Nb4 24. g4 Kf7 25. Rf1 g6 26. g5 fxg5 27. fxg5+ Ke7 28. h4 c6 29. Rf6 Rd6 30. e5 Re6 31. Rxe6+ Kxe6 32. Nf3 b5 33. Ke3 a5 34. Kd2 a4 35. bxa4 bxa4 36. Kc3 a3 37. Kb3 a2 38. Kb2 Nd3+ 39. Kxa2 Nxe5 40. Nd2 Kf5 41. Kb3 Kg4 42. Ne4 Kxh4 43. Nf6 Kxg5 44. Nxh7+ Kf5 45. Nf8 g5 46. Nh7 g4 0-1

[Event "GRE-ch South U14 Girls"]
[Site "Athens"]
[Date "2020.08.30"]
[Round "3"]
[White "Tzempelikou, Agapi"]
[Black "Arapkoule, Eirini"]
[Result "0-1"]
[WhiteElo "1104"]
[BlackElo "1456"]
[PlyCount "78"]
[EventDate "2020.08.28"]
[EventType "swiss"]
[EventRounds "7"]
[EventCountry "GRE"]
[SourceTitle "EXT 2023"]
[Source "ChessBase"]
[SourceDate "2022.10.05"]
[SourceVersion "1"]
[SourceVersionDate "2022.10.05"]
[SourceQuality "1"]

1. d4 d5 2. Nf3 Nf6 3. Bf4 e6 4. e3 Bd6 5. c3 0-0 6. Bd3 Bxf4 7. exf4 b6 8. 0-0 Bb7 9. Nbd2 c5 10. Re1 Nc6 11. f5 exf5 12. Bxf5 Re8 13. Ne5 Qd6 14. Ndf3 h6 15. Qd2 cxd4 16. cxd4 Ne7 17. Bc2 Rac8 18. h3 Rc7 19. Rac1 Rec8 20. a3 Ne4 21. Qd3 h5 22. Nd2 Ng6 23. Nxg6 Qxg6 24. Nxe4 dxe4 25. Qb3 Qg5 26. g3 Qd5 27. Qxd5 Bxd5 28. Re2 Bb3 29. Bxb3 Rxc1+ 30. Kg2 Rb1 31. Rd2 Rcc1 32. f4 e3 33. Re2 Rg1+ 34. Kf3 Rbf1+ 35. Ke4 Rxg3 36. d5 Rf2 37. Re1 Rd2 38. Ke5 e2 39. f5 Rxb3 0-1